000 01401nam a2200265Ia 4500
999 _c38602
_d38602
001 4719
003 GE_BSU
005 20190722173346.0
008 181216s2011||||geo|||||||||||||| ||geo||
020 _a9789994069385
040 _cGE_BSU
041 _ageo
080 _a371.1(072) დ–18
245 _aდამხმარე სახელმძღვანელო სკოლის დირექტორებისთვის /
_cალუდა გოგლიჩიძე, მაგდა კობახიძე, გიორგი ლაცაბიძე ; რედ. მაია მენაბდე.
264 _aთბილისი :
_bმასწ. პროფ. განვით. ეროვნ. ცენტრი ;
_c2011.
300 _a176 გვ. ;
_c24 სმ.
504 _aბიბლიოგრ. : გვ 175
541 _h15 ლ.
653 _aდამხმარე სახელმძღვანელო სკოლის დირექტორებისთვის.
700 _aგოგლიჩიძე, ალუდა
_eავტორი
_93286
700 _aკობახიძე, მაგდა
_eავტორი
_93287
700 _a ლაცაბიძე, გიორგი
_eავტორი
_93288
700 _aმენაბდე, მაია
_eრედაქტორი
_92572
942 _cBK
_2udc